00598nam a2200205 a 450000100060000000300080000600500170001400800410003103500190007204000270009104100080011808200250012610000320015124500630018324600280024626000470027430000280032150400200034965000230036932956BD-RjUL20211209051924.0140429t19381946pk 001 0 eng d a(BD-RjUL)33046 aIULcIULbengdBD-RjUL aeng04a297.12bSAP 19382231 aSarwar, Hafiz Ghulamd1873-10aPhilosophy of the Qur-an /cby al-Haj Hafiz Ghulam Sarwar.32aPhilosophy of the Quran aLahore :bM. Ashraf,c1938, [Reprint 1946] axvi, 232 p. ;c18 cm. aincludes index.04aQurʼan vTheology